000 00684cab a2200253 4500
001 WB2911-80
008 090401t1993 xxu||||| |||| 00| 0 eng d
035 _a(Sirsi) u72611
041 _aeng
245 _aGrant status blow for Wales
260 _c1993
350 _a0
490 _aWestern Mail
_v16 March 1993, 3(1)
520 _a Wales looks set to lose out in favour of the South East in the redrawing of the assisted areas map of the UK.
650 _aASSISTED AREAS
650 _aEC FUNDING
650 _aREGIONAL AID
650 _aREGIONAL POLICY
650 _aSOUTH EAST
650 _aWALES
690 _aURBAN RENEWAL
942 _n0
948 _c04/03/1997
999 _c45897
_d45897